Bài giảng lập trình VB.NET

Bewaard in:
Bibliografische gegevens
Hoofdauteur: Đặng, Trung Kiên
Andere auteurs: Huỳnh, Khải Vinh
Formaat: Boek
Gepubliceerd in: Đồng Tháp
Onderwerpen:
Tags: Voeg label toe
Geen labels, Wees de eerste die dit record labelt!
Thư viện lưu trữ: Trung tâm Học liệu Lê Vũ Hùng, Trường Đại học Đồng Tháp
LEADER 00940pam a22003378a 4500
001 00040031
005 20171026081025.0
008 170912s ||||||Viesd
041 0 # |a Vie 
082 1 4 |a 005.1  |b B103GI 
100 1 # |a Đặng, Trung Kiên 
245 0 0 |a Bài giảng lập trình VB.NET  |c Đặng Trung Kiên, Huỳnh Khải Vinh 
260 # # |a Đồng Tháp 
300 # # |a 108 tr.  |c 19 cm 
500 # # |a ĐTTS:Trường Đại Học Đồng Tháp. Khoa Sư phạm toán - tin 
653 # # |a Bài giảng 
653 # # |a Lập trình VB.NET 
653 # # |a Tin học 
653 # # |a Visual Basic 
700 1 # |a Huỳnh, Khải Vinh 
852 # # |b Kho đọc  |j KD.0017928 
852 # # |j KD.0017928 
910 |d 12/09/2017 
980 # # |a Trung tâm Học liệu Lê Vũ Hùng, Trường Đại học Đồng Tháp